Ronald Reagan: the power of conviction and the success of his presidency (Record no. 34499)
[ view plain ]
| 000 -LEADER | |
|---|---|
| fixed length control field | 00689nam a2200181Ia 4500 |
| 020 ## - INTERNATIONAL STANDARD BOOK NUMBER | |
| ISBN | 9780813390475 |
| 050 ## - CALL MARK | |
| Classification number | F 866.4.R43.W35/ |
| 100 ## - STATEMENT OF RESPONSIBILITY--MAIN AUTHOR NAME | |
| Personal name | Wallison, Peter J. |
| 245 #0 - TITLE STATEMENT | |
| Title | Ronald Reagan: the power of conviction and the success of his presidency |
| 260 ## - PUBLICATION, DISTRIBUTION, ETC. (IMPRINT) | |
| Place of publication | Washington, D.C |
| 260 ## - PUBLICATION, DISTRIBUTION, ETC. (IMPRINT) | |
| Name of publisher | Political Profiles, inc. |
| 260 ## - PUBLICATION, DISTRIBUTION, ETC. (IMPRINT) | |
| Year of publication | 1980 |
| 300 ## - PHYSICAL DESCRIPTION | |
| Number of Pages | 314 p |
| 650 ## - SUBJECT ADDED ENTRY--TOPICAL TERM | |
| Topical Term | Presidents--United States--Election--1980. United States--Politics and government--1977-1981. United States--Economic policy--1971-1981. United States--Social policy. United States--Foreign relations--1977-1981. |
| 942 ## - ADDED ENTRY ELEMENTS (KOHA) | |
| Koha item type | Books |
| Withdrawn status | Lost status | Source of classification or shelving scheme | Damaged status | Not for loan | Permanent Location | Current Location | Date acquired | Accession Number | Price effective from | Koha item type |
|---|---|---|---|---|---|---|---|---|---|---|
| Library of Congress Classification | NILE UNIVERSITY OF NIGERIA - MAIN LIBRARY | NILE UNIVERSITY OF NIGERIA - MAIN LIBRARY | 04/23/2025 | 0191046 | 04/23/2025 | Books |